000 00731nam a2200253#a 4500
001 01191
003 HDC
007 ta
008 230623s2009 xx 000 0 eng d
020 _a9678917211 (pbk.).
040 _aHDC
050 _aKPG 14
_b.L3 P37 2009
110 _a Malaysia
245 0 _aPatents Act 1983 (Act 291) & Regulations (as at 5th October 2009) /
_ccompiled by Legal Research Board
264 _aPetaling Jaya :
_bInternational Law Book Services,
_c2009
300 _a154p. ;
_c 24cm.
490 _a Laws of Malaysia
650 _aPatent laws and legislation
_zMalaysia
710 _a Lembaga Penyelidikan Undang-Undang
942 _2lcc
942 _cBK
942 _kKPG 14
942 _m.L3 P37 2009
999 _c22761
_d22761